000 00782cab a2200241 4500
001 WB3043-19
008 090401t1994 xxu||||| |||| 00| 0 eng d
035 _a(Sirsi) u4050
041 _aeng
245 _aShorter leases
260 _c1994
350 _a0
490 _aProperty Week
_v49(7) 17 November 1994, 12(1)
520 _aThree-quarters of UK retailers now sign leases of less than five years, signalling the end of long leases on retail property according to a survey by the Property Managers Association.
650 _aLEASE MARKET
650 _aLONG LEASES
650 _aPROPERTY MANAGERS ASSOCIATION
650 _aRETAIL PROPERTY
650 _aSHORTER LEASES
690 _aPROPERTY-COMMERCIAL PROPERTY-RETAIL PROPERTY
942 _n0
948 _c04/03/1997
999 _c2425
_d2425